000 00865nam a2200229Ii 4500
003 JO-AjNU
008 230605s9999||||xx |||||||||||||| ||und||
017 _a93/8700
040 _aJO-AjNU
_bara
_erda
_cJO-AjNU
041 _aara
050 1 4 _aBP184.33.M58.U83 1993
100 3 _aابن عثيمين، محمد الصالح ؛ تحقيق واخراج حديث: أبو محمد أشرف بن عبد المقصود بن عبد الرحيم,
_eauthor
_915310
245 0 0 _aالشرح الممتع على زاد المستنقع سجود السهو
250 _aط1
264 3 1 _aالرياض: مكتبة طبرية، 1993
300 _a83ص
336 _atext
_btxt
_2rdacontent
337 _aunmediated
_bn
_2rdamedia
338 _avolume
_bnc
_2rdacarrier
490 0 _aمن نفائس ابن عثيمين
650 4 _aالصلاة- سجود السهو
_915311
999 _aA4292
_c7860
_d7860